Nét văn hóa phi vật thể trong hát bả trạo Quảng Nam /

Tallennettuna:
Bibliografiset tiedot
Päätekijä: Xa Văn Hùng.
Aineistotyyppi: Artikkeli
Kieli:Vietnamese
Aiheet:
Tagit: Lisää tagi
Ei tageja, Lisää ensimmäinen tagi!
Thư viện lưu trữ: Thư viện Trường Đại học Đà Lạt
LEADER 00767nam a2200265 4500
001 DLU140160220
005 ##20140226
040 # # |a DLU  |b vie 
041 # # |a vie 
044 # # |a vn 
100 # # |a Xa Văn Hùng. 
245 # # |a Nét văn hóa phi vật thể trong hát bả trạo Quảng Nam /  |c Xa Văn Hùng. 
653 # # |a Diễn xướng 
653 # # |a Lễ hội 
653 # # |a Nghi lễ truyền thống 
653 # # |a Tín ngưỡng 
773 # # |t Văn hóa nghệ thuật  |g Số 343, 2013, tr. 77-80 
920 # # |a Phòng Tạp chí -- Trung tâm Thông tin - Thư viện Trường Đại học Đà Lạt 
900 # # |a True 
911 # # |a Hoàng Thị Huyền 
925 # # |a G 
926 # # |a A 
927 # # |a BB 
980 # # |a Thư viện Trường Đại học Đà Lạt